Παράγοντες ανάπτυξης ισχύος των δυνάμεων της κλασσικής αρχαιότητας (Αθήνα, Σπάρτη, Θήβα, Μακεδονία) : διπλωματική εργασία [πτυχιακή εργασία]

Αποθηκεύτηκε σε:
Λεπτομέρειες βιβλιογραφικής εγγραφής
Κύριος συγγραφέας: Στεργιόπουλος, Άγγελος
Συγγραφή απο Οργανισμό/Αρχή: Πανεπιστήμιο Αιγαίου Σχολή Ανθρωπιστικών Επιστημών Τμήμα Μεσογειακών Σπουδών
Άλλοι συγγραφείς: Συρόπουλος, Σπύρος Δ. (Εισηγητής διατριβής)
Μορφή: Thesis Βιβλίο
Γλώσσα:Greek
Δημοσίευση: 2008
Θέματα:
Διαθέσιμο Online:http://hdl.handle.net/11610/8204
Ετικέτες: Προσθήκη ετικέτας
Δεν υπάρχουν, Καταχωρήστε ετικέτα πρώτοι!

MARC

LEADER 00000cam a2200000 i 4500
001 1/17521
008 120201s2008 gre d
035 |l 10111747 
040 |a GR-MY-UA  |b gre  |e aacr 
041 0 |a gre 
082 0 |a 938.106  |2 (22) 
100 1 |a Στεργιόπουλος, Άγγελος. 
245 1 0 |a Παράγοντες ανάπτυξης ισχύος των δυνάμεων της κλασσικής αρχαιότητας (Αθήνα, Σπάρτη, Θήβα, Μακεδονία) :  |b διπλωματική εργασία [πτυχιακή εργασία] /  |c Άγγελος Στεργιόπουλος ; επιβλέπων: Συρόπουλος Σπυρίδων 
260 |c 2008 
300 |a 184 σ.;  |c 30 εκ. 
500 |a Μέλη εξεταστικής επιτροπής: Τσάκωνας Παναγιώτης, Στεφανάκης Μανόλης 
502 |a Πτυχιακή εργασία – Πανεπιστήμιο Αιγαίου, Ρόδος, 2008. 
504 |a Βιβλιογραφία: σ. 178-179 
650 0 0 |a City-states  |z Greece  |x History. 
650 0 0 |a Cities and towns, Ancient. 
650 0 0 |a Dissertations, Academic  |z Greece. 
651 0 |a Greece  |x Politics and government. 
700 1 |a Συρόπουλος, Σπύρος Δ.  |4 ths 
710 2 |a Πανεπιστήμιο Αιγαίου  |b Σχολή Ανθρωπιστικών Επιστημών  |b Τμήμα Μεσογειακών Σπουδών. 
852 |a INST  |b RHODES  |c DIATR  |e 20120201  |h 938.106 ΣΤΕ  |p 005400033970  |q 005400033970  |t DIE  |y 23 
852 |a INST  |b RHODES  |c DIATR  |e 20120201  |h 938.106 ΣΤΕ  |p 005400033971  |q 005400033971  |t DIE  |y 23 
856 |u http://hdl.handle.net/11610/8204 
901 |a BIBL4-2012-1 
909 |a Ρ  |b 170603 
909 |a Ρ  |b 170604 
924 |a ΣΤΕΡΓΙΟΠΟΥΛΟΣ  |b ΑΓΓΕΛΟΣ  |y ΡΟΔΟΣ  |z 2008-06 
970 |z 2012/02/01